| 000 | 00344nam a22001217a 4500 | ||
|---|---|---|---|
| 082 |
_a514 _bLIP _cL-2, P-69 |
||
| 245 | _aTheory and problems of general topology | ||
| 260 |
_aNew York _bMcGraw Hill Book Compny _c1965 |
||
| 300 |
_a239 p. : _bill, ; _c24 cm. |
||
| 526 |
_a0 _b0 _c0 _d514_000000000000000_LIP |
||
| 650 |
_aMCE _9379 |
||
| 942 |
_2ddc _cBK |
||
| 999 |
_c543754 _d543754 |
||